Richard III : (Record no. 27624)
[ view plain ]
| 000 -LEADER | |
|---|---|
| fixed length control field | 00971nam a22003015i 4500 |
| 001 - CONTROL NUMBER | |
| control field | ssj0002022202 |
| 003 - CONTROL NUMBER IDENTIFIER | |
| control field | WaSeSS |
| 005 - DATE AND TIME OF LATEST TRANSACTION | |
| control field | 20190916143614.0 |
| 008 - FIXED-LENGTH DATA ELEMENTS--GENERAL INFORMATION | |
| fixed length control field | 150811s2003 le f 000 0 eng d |
| 020 ## - INTERNATIONAL STANDARD BOOK NUMBER | |
| International Standard Book Number | 9789953331898 |
| 020 ## - INTERNATIONAL STANDARD BOOK NUMBER | |
| International Standard Book Number | 9953331898 |
| 040 ## - CATALOGING SOURCE | |
| Original cataloging agency | BIP US |
| Language of cataloging | eng |
| Description conventions | rda |
| Transcribing agency | BIP US |
| Modifying agency | WaSeSS |
| -- | EG-ScBUE |
| 082 04 - DEWEY DECIMAL CLASSIFICATION NUMBER | |
| Classification number | 822.33 |
| Item number | SHA |
| Edition number | 22 |
| 100 1# - MAIN ENTRY--PERSONAL NAME | |
| Personal name | Shakespeare, William |
| Dates associated with a name | 1564-1616, |
| Relator term | athour. |
| 9 (RLIN) | 30760 |
| 245 10 - TITLE STATEMENT | |
| Title | Richard III : |
| Remainder of title | with an introduction / |
| Statement of responsibility, etc | William Shakespeare. |
| 264 #1 - PUBLICATION, DISTRIBUTION, ETC. (IMPRINT) | |
| Place of publication, distribution, etc | Beirut : |
| Name of publisher, distributor, etc | York Press, |
| Date of publication, distribution, etc | 2003. |
| 300 ## - PHYSICAL DESCRIPTION | |
| Extent | xxv, 150 pages ; |
| Dimensions | 22 cm. |
| 336 ## - CONTENT TYPE | |
| Content type term | text |
| Content type code | txt |
| Source | rdacontent |
| 337 ## - MEDIA TYPE | |
| Media type term | unmediated |
| Media type code | n |
| Source | rdamedia |
| 338 ## - CARRIER TYPE | |
| Carrier type term | volume |
| Carrier type code | nc |
| Source | rdacarrier |
| 490 0# - SERIES STATEMENT | |
| Series statement | York classics |
| 600 07 - SUBJECT ADDED ENTRY--PERSONAL NAME | |
| Personal name | Richard |
| Numeration | III |
| Titles and other words associated with a name | King of England |
| Dates associated with a name | 1452-1485 |
| Form subdivision | Drama. |
| Source of heading or term | BUEsh |
| 650 #7 - SUBJECT ADDED ENTRY--TOPICAL TERM | |
| Topical term or geographic name as entry element | Kings and rulers. |
| Form subdivision | Drama. |
| Source of heading or term | BUEsh |
| 9 (RLIN) | 7576 |
| 650 #7 - SUBJECT ADDED ENTRY--TOPICAL TERM | |
| Topical term or geographic name as entry element | Historical drama, English. |
| Source of heading or term | BUEsh |
| 653 ## - INDEX TERM--UNCONTROLLED | |
| Resource For college | Humanities: English |
| Arrived date list | September2019 |
| 655 ## - INDEX TERM--GENRE/FORM | |
| Form subdivision | Text book |
| 942 ## - ADDED ENTRY ELEMENTS (KOHA) | |
| Source of classification or shelving scheme | Dewey Decimal Classification |
| Koha item type | NB - Book (Non borrowing) |
| Withdrawn status | Lost status | Source of classification or shelving scheme | Damaged status | Not for loan | Collection code | Home library | Current library | Shelving location | Date acquired | Source of acquisition | Total Checkouts | Full call number | Barcode | Date last seen | Price effective from | Koha item type | Total Renewals | Date checked out |
|---|---|---|---|---|---|---|---|---|---|---|---|---|---|---|---|---|---|---|
| Dewey Decimal Classification | Baccah | Central Library | Central Library | Second Floor | 16/09/2019 | Purchase | 822.33 SHA | 000048065 | 15/07/2025 | 16/09/2019 | NB - Book (Non borrowing) | |||||||
| Dewey Decimal Classification | Baccah | Central Library | Central Library | Second Floor | 16/09/2019 | Purchase | 4 | 822.33 SHA | 000048066 | 15/07/2025 | 16/09/2019 | Book - Borrowing | 2 | 21/02/2022 |